00588nam a2200157Ia 4500008004100000082000900041100002800050245005700078260004200135365000600177630005700183730005700240942000900297999001900306952010500325100415s9999 xx 000 0 und d b7904 aMaharashtra Forest Dept aNational Parks And Wildlife Sanctures In Maharashtra aBOMBAYc1971bMaharashtra Forest Dept b0 aNational Parks And Wildlife Sanctures In Maharashtra aNational Parks And Wildlife Sanctures In Maharashtra cBOOK c590855d590852 00104070aBNHSbBNHSd1973-01-05g0.00l0o 7904pBNHS-7904r2010-04-15 00:00:00w2010-04-15yBOOK